000 00577nam a2200181Ia 4500
003 IN-BaIIA
008 211028s9999 xx 000 0 eng d
020 _a0-309-03249-0
040 _cIIA Library
080 _a52(047)"1980"
_bNRC-1
110 _aUnited States. National Research Council
_9489
245 0 _aAstronomy and astrophysics for the 1980's
_cNational Research Council
260 _aWashington, D C
_bNational Academy Press
_c1982
300 _axx, 189p.
650 _aAstronomy
_980
650 _aAstrophysics
_9794
942 _cBK
999 _c17123
_d17123